| 000 | 02419nam a22002657a 4500 | ||
|---|---|---|---|
| 999 |
_c63641 _d63641 |
||
| 003 | Ge_BSU | ||
| 005 | 20251120160538.0 | ||
| 008 | 251120s2025 ge ||||| |||| 00| 0 geo d | ||
| 020 | _a9789941839023 | ||
| 041 | _ageo | ||
| 080 | _a502.3(072) ბ-75 | ||
| 100 |
_aბლიაძე, მაია _93279 |
||
| 245 |
_aგარემოსდაცვითი და აგრარული განათლება სკოლაში : _bდამხმარე სახელმძღვანელო ზოგადი განათლების დაწყებითი საფეხურის მასწავლებლებისთვის : [8 წიგნად]. წიგნი 4, ჰაერის დაცვა დაბინძურებისგან / _cსახელმძღვანელოს შექმნაზე მუშაობდნენ: მაია ბლიაძე, თეონა შუბლაძე, ნათია სარალიძე, მარიამ არჩუაძე; კომპლ. დავალებების შექმნაზე მუშაობდა მანანა ვარაზაშვილი ; დიზაინერი თამარ გორჯოლაძე. |
||
| 264 |
_aთბილისი, _c 2025. |
||
| 300 |
_a94 გვ. : _bილ. ; _c30 სმ. |
||
| 500 | _aსახელმძღვანელო მომზადებულია საქართველოს გარემოს დაცვისა და სოფლის მეურნეობის სამინისტროს სსიპ გარემოსდაცვითი ინფორმაციისა და განათლების ცენტრის მიერ. | ||
| 504 | _aბიბლიოგრაფია: გვ. 94. | ||
| 653 | _aჰაერის დაცვა | ||
| 700 |
_aშუბლაძე, თეონა _eავტორი _926287 |
||
| 700 |
_aსარალიძე, ნათია _eავტორი _926288 |
||
| 700 |
_aარჩუაძე, მარიამ _eავტორი _926289 |
||
| 700 |
_aვარაზაშვილი, მანანა _eავტორი _94332 |
||
| 700 |
_aგორჯოლაძე, თამარ _e დიზაინერი _926290 |
||
| 942 |
_2udc _cᲬᲘᲒᲜᲘ |
||